<?xml version="1.0" encoding="UTF-8"?>
<record
    xmlns:xsi="http://www.w3.org/2001/XMLSchema-instance"
    xsi:schemaLocation="http://www.loc.gov/MARC21/slim http://www.loc.gov/standards/marcxml/schema/MARC21slim.xsd"
    xmlns="http://www.loc.gov/MARC21/slim">

  <leader>01316nam0a2200337   4500</leader>
  <controlfield tag="001">RU\NLR\bibl\1861703</controlfield>
  <controlfield tag="005">20260405234809.0</controlfield>
  <datafield tag="010" ind1=" " ind2=" ">
    <subfield code="a">978-5-699-53224-7</subfield>
    <subfield code="9">4000</subfield>
  </datafield>
  <datafield tag="021" ind1=" " ind2=" ">
    <subfield code="a">RU</subfield>
    <subfield code="b">2011-93786</subfield>
    <subfield code="9">640&#x434;/11</subfield>
  </datafield>
  <datafield tag="035" ind1=" " ind2=" ">
    <subfield code="a">(NLR Aleph) 001851602</subfield>
  </datafield>
  <datafield tag="090" ind1=" " ind2=" ">
    <subfield code="a">2409632</subfield>
    <subfield code="c">2409632</subfield>
  </datafield>
  <datafield tag="100" ind1=" " ind2=" ">
    <subfield code="a">20120127d2012    |||y0rusy50      ca</subfield>
  </datafield>
  <datafield tag="101" ind1="0" ind2=" ">
    <subfield code="a">rus</subfield>
  </datafield>
  <datafield tag="102" ind1=" " ind2=" ">
    <subfield code="a">RU</subfield>
  </datafield>
  <datafield tag="105" ind1=" " ind2=" ">
    <subfield code="a">a   |||||||||</subfield>
  </datafield>
  <datafield tag="200" ind1="1" ind2=" ">
    <subfield code="a">&#x41E;&#x43F;&#x435;&#x440;&#x430;&#x446;&#x438;&#x44F; "&#x415;&#x434;&#x438;&#x43D;&#x430;&#x44F; &#x420;&#x43E;&#x441;&#x441;&#x438;&#x44F;"</subfield>
    <subfield code="e">&#x43D;&#x435;&#x438;&#x437;&#x432;&#x435;&#x441;&#x442;&#x43D;&#x430;&#x44F; &#x438;&#x441;&#x442;&#x43E;&#x440;&#x438;&#x44F; &#x43F;&#x430;&#x440;&#x442;&#x438;&#x438; &#x432;&#x43B;&#x430;&#x441;&#x442;&#x438;</subfield>
    <subfield code="f">&#x418;&#x43B;&#x44C;&#x44F; &#x416;&#x435;&#x433;&#x443;&#x43B;&#x435;&#x432;, &#x41B;&#x44E;&#x434;&#x43C;&#x438;&#x43B;&#x430; &#x420;&#x43E;&#x43C;&#x430;&#x43D;&#x43E;&#x432;&#x430;</subfield>
  </datafield>
  <datafield tag="210" ind1=" " ind2=" ">
    <subfield code="a">&#x41C;&#x43E;&#x441;&#x43A;&#x432;&#x430;</subfield>
    <subfield code="c">&#x42D;&#x43A;&#x441;&#x43C;&#x43E;</subfield>
    <subfield code="d">2012</subfield>
  </datafield>
  <datafield tag="215" ind1=" " ind2=" ">
    <subfield code="a">301, [2] &#x441;., [4] &#x43B;. &#x446;&#x432;. &#x438;&#x43B;.</subfield>
    <subfield code="d">20</subfield>
  </datafield>
  <datafield tag="225" ind1="1" ind2=" ">
    <subfield code="a">&#x416;&#x443;&#x440;&#x43D;&#x430;&#x43B;&#x438;&#x441;&#x442;&#x441;&#x43A;&#x43E;&#x435; &#x440;&#x430;&#x441;&#x441;&#x43B;&#x435;&#x434;&#x43E;&#x432;&#x430;&#x43D;&#x438;&#x435;</subfield>
  </datafield>
  <datafield tag="320" ind1=" " ind2=" ">
    <subfield code="a">&#x411;&#x438;&#x431;&#x43B;&#x438;&#x43E;&#x433;&#x440;.: &#x441;. 284-285 (20 &#x43D;&#x430;&#x437;&#x432;.)</subfield>
  </datafield>
  <datafield tag="601" ind1="0" ind2="2">
    <subfield code="a">"&#x415;&#x434;&#x438;&#x43D;&#x430;&#x44F; &#x420;&#x43E;&#x441;&#x441;&#x438;&#x44F;", &#x432;&#x441;&#x435;&#x440;&#x43E;&#x441;&#x441;&#x438;&#x439;&#x441;&#x43A;&#x430;&#x44F; &#x43F;&#x43E;&#x43B;&#x438;&#x442;&#x438;&#x447;&#x435;&#x441;&#x43A;&#x430;&#x44F; &#x43F;&#x430;&#x440;&#x442;&#x438;&#x44F;</subfield>
    <subfield code="9">2312715</subfield>
    <subfield code="3">RU\NLR\auth\661384055</subfield>
  </datafield>
  <datafield tag="686" ind1=" " ind2=" ">
    <subfield code="a">&#x424;69(2)274.44</subfield>
  </datafield>
  <datafield tag="700" ind1=" " ind2="1">
    <subfield code="a">&#x416;&#x435;&#x433;&#x443;&#x43B;&#x435;&#x432;</subfield>
    <subfield code="b">&#x418;.</subfield>
    <subfield code="f">1979-</subfield>
    <subfield code="g">&#x418;&#x43B;&#x44C;&#x44F;</subfield>
    <subfield code="4">070</subfield>
  </datafield>
  <datafield tag="701" ind1=" " ind2="1">
    <subfield code="4">070</subfield>
    <subfield code="8">rus</subfield>
    <subfield code="7">ca</subfield>
    <subfield code="a">&#x420;&#x43E;&#x43C;&#x430;&#x43D;&#x43E;&#x432;&#x430;</subfield>
    <subfield code="b">&#x41B;.</subfield>
    <subfield code="c">&#x436;&#x443;&#x440;&#x43D;&#x430;&#x43B;&#x438;&#x441;&#x442;</subfield>
    <subfield code="g">&#x41B;&#x44E;&#x434;&#x43C;&#x438;&#x43B;&#x430;</subfield>
    <subfield code="3">RU\NLR\auth\77108423</subfield>
    <subfield code="9">91348</subfield>
  </datafield>
  <datafield tag="801" ind1=" " ind2="0">
    <subfield code="a">RU</subfield>
    <subfield code="b">NLR</subfield>
    <subfield code="c">20120127</subfield>
    <subfield code="g">RCR</subfield>
  </datafield>
  <datafield tag="801" ind1=" " ind2="1">
    <subfield code="a">RU</subfield>
    <subfield code="b">NLR</subfield>
    <subfield code="c">20120127</subfield>
  </datafield>
  <datafield tag="942" ind1=" " ind2=" ">
    <subfield code="c">BOOK</subfield>
  </datafield>
  <datafield tag="980" ind1=" " ind2=" ">
    <subfield code="a">NB</subfield>
  </datafield>
  <datafield tag="980" ind1=" " ind2=" ">
    <subfield code="a">NBR</subfield>
  </datafield>
  <datafield tag="995" ind1=" " ind2=" ">
    <subfield code="5">2012-01-27</subfield>
    <subfield code="a">ad</subfield>
    <subfield code="b">NLR01</subfield>
    <subfield code="c">NLR01</subfield>
    <subfield code="e">RF8</subfield>
    <subfield code="f">1-1513430</subfield>
    <subfield code="k">2012-3/2622</subfield>
    <subfield code="o">0</subfield>
    <subfield code="r">BOOK</subfield>
    <subfield code="s">201232622_</subfield>
  </datafield>
  <datafield tag="995" ind1=" " ind2=" ">
    <subfield code="5">2012-01-27</subfield>
    <subfield code="a">ad</subfield>
    <subfield code="b">NLR01</subfield>
    <subfield code="c">NLR01</subfield>
    <subfield code="e">RF8</subfield>
    <subfield code="f">3581968</subfield>
    <subfield code="k">2012-3/2622</subfield>
    <subfield code="o">0</subfield>
    <subfield code="r">BOOK</subfield>
    <subfield code="s">201232622_</subfield>
  </datafield>
  <datafield tag="995" ind1=" " ind2=" ">
    <subfield code="5">2012-05-30</subfield>
    <subfield code="a">aa</subfield>
    <subfield code="b">NLR02</subfield>
    <subfield code="c">NLR02</subfield>
    <subfield code="e">UCHZ</subfield>
    <subfield code="f">1-220352</subfield>
    <subfield code="k">&#x423;  &#x424;69(2)/&#x416;-469</subfield>
    <subfield code="o">0</subfield>
    <subfield code="p">268.00</subfield>
    <subfield code="r">BOOK</subfield>
    <subfield code="s">_692469</subfield>
  </datafield>
</record>
